Chemistry : A study of matter
The images on the cover call attention to the relationship between macro observations and the intimate structure of chemical substances and the changes, both chemical and physical, that they undergo.
Guardado en:
| Autor principal: | |
|---|---|
| Formato: | Libro |
| Lenguaje: | Undetermined |
| Publicado: |
Waltham, Massachusetts
Blaisdell Publishing Company
1968
|
| Materias: | |
| Etiquetas: |
Agregar Etiqueta
Sin Etiquetas, Sea el primero en etiquetar este registro!
|
| Thư viện lưu trữ: | Trung tâm Học liệu Trường Đại học Cần Thơ |
|---|
| LEADER | 00785nam a2200205Ia 4500 | ||
|---|---|---|---|
| 001 | CTU_149487 | ||
| 008 | 210402s9999 xx 000 0 und d | ||
| 082 | |a 540 | ||
| 082 | |b G239 | ||
| 100 | |a Garrett, Alfred B. | ||
| 245 | 0 | |a Chemistry : | |
| 245 | 2 | |b A study of matter | |
| 245 | 0 | |c Alfred B. Garrett, W. T. Lippincott, Frank Henry Verhoek | |
| 260 | |a Waltham, Massachusetts | ||
| 260 | |b Blaisdell Publishing Company | ||
| 260 | |c 1968 | ||
| 520 | |a The images on the cover call attention to the relationship between macro observations and the intimate structure of chemical substances and the changes, both chemical and physical, that they undergo. | ||
| 650 | |a Chemistry,Hóa học | ||
| 904 | |i Trọng Hải | ||
| 980 | |a Trung tâm Học liệu Trường Đại học Cần Thơ | ||